banner-ar

العرب على حدود بيزنطة وايران من القرن الرابع الى القرن السادس / (Record no. 29829)

MARC details
000 -الفاتح
حقل البيانات ثابتة الطول 00891nam a2200253Ia 4500
008 - عناصر البيانات ثابتة الطول - معلومات عامة
حقل البيانات ثابتة الطول 140319s9999 xx 000 0 ara d
040 ## - مصدر الفهرسة
وكالة الفهرسة الأصلية GCL /
وكالة النسخ GCL
082 04 - رقم تصنيف ديوى العشرى
رقم التصنيف 939.4
رقم المادة ب ع
100 1# - المدخل الرئيسى - إسم شخصى
الإسم الشخصى صلاح الدين عثمان هاشم
245 10 - بيان العنوان
العنوان العرب على حدود بيزنطة وايران من القرن الرابع الى القرن السادس /
بيان المسئوليه,etc صلاح الدين عثمان هاشم
700 1# - المدخل الاضافى - اسم شخصى
الإسم الشخصى بيغوليفسكيا، نينافكتورفنا
300 ## - الوصف المادى
التعداد 420 ص
490 ## - بيان السلسلة
عنوان السلسلة
650 04 - المدخل الاضافى بالموضوع-مصطلح موضوعى
مصطلح موضوعي تاريخ
650 04 - المدخل الاضافى بالموضوع-مصطلح موضوعى
مصطلح موضوعي ايران
650 04 - المدخل الاضافى بالموضوع-مصطلح موضوعى
مصطلح موضوعي الجاهلية
650 04 - المدخل الاضافى بالموضوع-مصطلح موضوعى
مصطلح موضوعي شبه الجزيرة العربية
650 04 - المدخل الاضافى بالموضوع-مصطلح موضوعى
مصطلح موضوعي العرب
650 04 - المدخل الاضافى بالموضوع-مصطلح موضوعى
مصطلح موضوعي الفرس
650 04 - المدخل الاضافى بالموضوع-مصطلح موضوعى
مصطلح موضوعي الامبراطورية البيزنطية
942 ## - عناصر المدخل الإضافي( كوها)
مصدر التصنيف او مخطط الترفيف Dewey Decimal Classification
Koha [default] item type كتاب
260 ## - PUBLICATION, DISTRIBUTION, ETC. (IMPRINT)
-- [S.N] :
-- المجلس الوطنى للثقافة والفنون والاداب
Holdings
حالة التراجع حالة الفقد حالة تلف ليس للاعارة المكان المؤقت الموقع الحالى تاريخ الاكتساب اجمالي اﻻعارات رقم الطلب الباركود تاريخ اخر مشاهدة تاريخ تفعيل السعر نوع وعاء كوها
        مكتبة القاهرة الكبرى مكتبة القاهرة الكبرى 03/26/2014   939.4\ب ع 69210 03/26/2014 03/26/2014 كتاب
        مكتبة القاهرة الكبرى مكتبة القاهرة الكبرى 03/26/2014   939.4\ب ع 69211 03/26/2014 03/26/2014 كتاب

Powered By

EGPV